Top 100 Baby Girl Names in Australia (2016) - Alphabetical - Statistics

General Stats
  • This quiz has been taken 1,431 times
  • The average score is 55 of 100
Answer Stats
Answer % Correct
1 O Olivia
88%
56 A Anna
87%
87 I Isabel
85%
33 I Isabelle
85%
27 E Emma
83%
3 A Amelia
81%
4 A Ava
81%
48 E Emilia
81%
7 E Emily
81%
17 E Ella
79%
12 Z Zoe
79%
2 C Charlotte
77%
28 H Hannah
77%
99 L Lilly
77%
24 L Lily
77%
54 S Sarah
77%
99 E Eliza
75%
46 E Elizabeth
75%
30 A Abigail
74%
98 E Eve
74%
8 G Grace
74%
6 C Chloe
71%
26 E Eva
71%
11 I Isabella
71%
5 M Mia
70%
38 S Sofia
70%
13 S Sophia
70%
79 V Victoria
70%
36 A Alice
69%
70 J Jessica
68%
14 S Sophie
68%
8 I Isla
67%
45 M Maddison
66%
67 M Madison
66%
63 B Bella
65%
29 L Lucy
65%
23 Z Zara
65%
41 E Ellie
64%
18 E Evelyn
64%
55 R Rose
64%
91 O Olive
61%
34 W Willow
60%
32 A Aria
59%
16 I Ivy
59%
37 A Annabelle
58%
43 V Violet
58%
52 P Penelope
57%
25 G Georgia
56%
65 M Madeleine
56%
85 M Madeline
56%
90 M Molly
56%
10 R Ruby
56%
14 E Evie
54%
90 H Hayley
54%
81 D Daisy
53%
49 E Eleanor
52%
19 H Harper
52%
61 P Poppy
52%
30 L Layla
51%
46 M Maya
51%
42 J Jasmine
49%
60 A Ariana
47%
81 A Aaliyah
46%
50 I Imogen
45%
59 A Alexis
44%
35 A Audrey
44%
84 L Lola
44%
20 S Sienna
44%
67 A Addison
43%
70 E Elsie
43%
85 F Florence
43%
39 M Mila
42%
76 A Alyssa
41%
58 P Phoebe
41%
22 S Scarlett
41%
57 C Claire
40%
75 H Harriet
40%
70 L Lara
40%
40 S Stella
40%
43 S Savannah
38%
95 P Paige
37%
21 M Matilda
36%
64 H Hazel
35%
90 T Thea
35%
94 J Josephine
34%
73 S Summer
33%
80 A Aurora
32%
74 E Eloise
31%
87 H Heidi
30%
53 M Mackenzie
30%
76 E Eden
29%
50 P Piper
29%
96 A Amelie
28%
96 B Bonnie
27%
89 A Ayla
26%
66 C Chelsea
24%
61 F Frankie
23%
78 B Billie
21%
81 A Aisha
18%
69 I Indiana
17%
No matching quizzes found
Score Distribution
Percent of People with Each Score
Percentile by Number Answered
Your Score History
You have not taken this quiz